Publication Series (Conference of Latin Americanist Geographers)

محفوظ في:

التنسيق: دورية

اللغة: Undetermined

منشور في: JSTOR
University of Texas Press

الموضوعات:

الوصول للمادة أونلاين: Login to view Source

الوسوم: إضافة وسم

لا توجد وسوم, كن أول من يضع وسما على هذه التسجيلة!

رقم الطلب:

LEADER 00616nas a2200193Ia 4500
008 220214c99999999xx |||||||||||| ||und||
022 |a 2160-2654 
022 |a 2328-8736 
245 0 0 |a Publication Series (Conference of Latin Americanist Geographers) 
264 1 |b JSTOR 
264 1 |b University of Texas Press 
362 0 |a Vol. 1(1971)-7b (1980) 
653 1 0 |a Geography 
653 1 0 |a Latin American Studies 
653 1 0 |a Social Sciences 
856 4 0 |u https://www.jstor.org/journal/pubseriesclag 
942 |c JL 
952 |0 0  |1 0  |4 0  |7 1  |9 36821  |a JSR  |b JSR  |d 2022-02-14  |l 0  |r 2022-02-14 00:00:00  |w 2022-02-14  |y JL 
999 |c 45153  |d 45153